[Event "USA-ch"]
[Site "USA"]
[Date "1989.??.??"]
[Round "6"]
[White "Miles, Anthony John"]
[Black "Ivanov, Alexander"]
[Result "1/2-1/2"]
[WhiteElo "2580"]
[BlackElo "2460"]
[Annotator "Ribli,Z"]
[PlyCount "86"]
[EventDate "1989.11.??"]
[EventType "tourn"]
[EventRounds "15"]
[EventCountry "USA"]
[EventCategory "12"]
[SourceTitle "CBM 019"]
[Source "ChessBase"]
[SourceDate "1990.12.01"]
[SourceVersion "1"]
[SourceVersionDate "1990.12.01"]
[SourceQuality "1"]

1. c4 e5 2. Nc3 Nc6 3. Nf3 f5 4. d4 e4 5. Ne5 Nf6 (5... Nxe5 6. dxe5 Ne7 7. Bg5
h6 $6 (7... c6 $5) 8. Bh4 c6 9. e3 Qa5 10. Bg3 $14 {Chrisziansen-Browne Las
Vegas 1989 47/34}) 6. Bg5 Be7 7. e3 d6 8. Nxc6 bxc6 9. Qa4 Bd7 10. c5 a5 11.
Bc4 d5 12. Be2 O-O 13. h4 Ng4 14. Bxe7 Qxe7 15. g3 Rfb8 16. Qc2 Bc8 17. Bxg4
fxg4 18. O-O-O Ba6 19. Rd2 h5 (19... Bd3 20. Qd1 h5 21. Ne2) 20. Ne2 Bxe2 21.
Rxe2 Rb4 22. Kb1 a4 23. Rc1 Qd8 24. Qd1 Qb8 25. Rc3 Qb7 26. Rec2 Rb8 27. Qe2
Kh7 28. Rd2 Kh6 29. Ka1 g5 30. hxg5+ Kxg5 31. Kb1 Rh8 32. Rc1 Qb5 33. Qe1 Kg6
34. Ka1 Rb8 35. Rb1 Rb3 36. Qd1 Qa5 37. Qc2 Qa6 38. Rh1 R3b4 39. Qc1 Qb5 40.
Rc2 Qb7 41. Qd2 Qc8 42. Qe2 R4b5 43. Qd1 Rb4 {Ribli} 1/2-1/2

[Event "USA-ch"]
[Site "USA"]
[Date "1989.??.??"]
[Round "8"]
[White "Gulko, Boris F"]
[Black "Ivanov, Alexander"]
[Result "1/2-1/2"]
[WhiteElo "2610"]
[BlackElo "2460"]
[Annotator "Ribli,Z"]
[PlyCount "45"]
[EventDate "1989.11.??"]
[EventType "tourn"]
[EventRounds "15"]
[EventCountry "USA"]
[EventCategory "12"]
[SourceTitle "CBM 019"]
[Source "ChessBase"]
[SourceDate "1990.12.01"]
[SourceVersion "1"]
[SourceVersionDate "1990.12.01"]
[SourceQuality "1"]

1. c4 e5 2. Nc3 Nc6 3. Nf3 f5 4. d4 e4 5. Bg5 Be7 (5... Nf6 6. Nd2 Be7 7. e3
O-O {Khasin,Al-Kron,V URS sf Russia ch Gorky 1989 CBM 16}) 6. Bxe7 Ncxe7 7. Nd2
(7. Ng1 Nf6 8. e3 d6 9. h4 c6 10. Nh3 Be6 11. Be2 Bf7 12. Ng5 O-O 13. Qb3 Qb6
14. f3 {Vaganian,R-Nikolic,Pr Barcelona WCup 1989 47/(34) CBM 12}) 7... Nf6 8.
e3 O-O 9. Be2 d6 10. O-O (10. b4 Kh8 11. O-O Be6 12. f3 exf3 (12... d5 $5) 13.
Nxf3 Ng6 14. Bd3 Qe7 15. Qc2 d5 16. c5 Ne4 17. Ne2 Ng5 18. Nf4 $14 {
Tarjan-Gheorghiu Cleveland 1975 20/55}) 10... c5 $1 11. Nb3 b6 12. f3 Bb7 13.
a4 exf3 14. Bxf3 Bxf3 15. Qxf3 Qd7 16. a5 Rac8 17. axb6 axb6 18. Ra6 Ne4 $1 19.
Nxe4 fxe4 20. Qxe4 Rxf1+ 21. Kxf1 d5 $1 22. Qd3 cxd4 23. Nxd4 {Ribli} 1/2-1/2

[Event "Biel Mixed"]
[Site "Biel"]
[Date "1991.??.??"]
[Round "8"]
[White "Hansen, Lars Bo"]
[Black "Hort, Vlastimil"]
[Result "1/2-1/2"]
[WhiteElo "2510"]
[BlackElo "2545"]
[Annotator "Ribli,Z"]
[PlyCount "130"]
[EventDate "1991.07.??"]
[EventType "tourn"]
[EventRounds "11"]
[EventCountry "SUI"]
[EventCategory "9"]
[SourceTitle "CBM 025"]
[Source "ChessBase"]
[SourceDate "1991.12.01"]
[SourceVersion "1"]
[SourceVersionDate "1991.12.01"]
[SourceQuality "1"]

1. c4 e5 2. Nc3 Nc6 3. Nf3 f5 4. d4 e4 5. Bg5 Be7 (5... Nf6 6. Nd2 Be7 7. e3
O-O 8. c5 $6 Kh8 9. Bc4 b6 $1 $13 {Khasin,Al-Kron,V URS-sf Gorky 1989 CBM/16})
6. Bxe7 Ncxe7 7. Ng1 Nf6 8. e3 d6 9. h4 (9. Nge2 c6 10. Nf4 g5 11. Nh5 Ng6 12.
Nxf6+ Qxf6 13. Qb3 O-O 14. O-O-O Kh8 15. Be2 Rb8 16. g3 Be6 17. Qa3 d5 18. cxd5
Bxd5 19. Nxd5 cxd5 20. Kb1 a6 21. Rc1 $14 {Jolles,H-Hernandez,Gi Groningen op
1990 CBM/22}) 9... c6 10. Nh3 Be6 11. Be2 d5 $5 (11... Bf7 12. Ng5 O-O 13. Qb3
Qb6 14. f3 d5 15. fxe4 fxe4 16. Qxb6 axb6 17. Rf1 h6 18. Nxf7 Kxf7 19. cxd5
Nexd5 20. Nxd5 cxd5 21. Kd2 $14 {Vaganian,R-Nikolic,Pr Barcelona WCup 1989 47/
(34) CBM/12}) 12. c5 b5 $1 13. Nf4 Bd7 14. Qd2 a5 15. a4 b4 16. Na2 Ng6 17. Nh5
O-O 18. Nxf6+ Qxf6 19. g3 Nh8 20. Nc1 g6 21. Nb3 Nf7 22. O-O-O Nh6 23. Rdf1 Ng4
24. Kb1 Qe7 25. Ka1 Bc8 26. Kb1 Ra7 27. Ka1 $10 Qd8 28. Kb1 Re7 29. Ka1 Qc7 30.
Qe1 h6 31. Rfg1 Kf7 32. Rg2 Ke8 33. Qf1 Qa7 34. Kb1 Kd8 35. Ka1 Kc7 36. Kb1 Kb8
37. Ka1 Qc7 38. Kb1 Ka7 39. Ka1 Rff7 40. Kb1 Rh7 41. Ka1 Reg7 42. Kb1 Kb8 43.
Qg1 Qa7 44. Ka1 Re7 45. Qf1 Kc7 46. Kb1 Kd8 47. Ka1 Kc7 48. Kb1 Kd8 49. Ka1 Kd7
50. Kb1 Kc7 51. Ka2 Kd7 52. Kb1 Ke8 53. Ka1 Kf7 54. Kb1 Ke8 55. Ka1 Kf7 56. Kb1
Kf8 57. Ka1 Kg7 58. Kb1 Kf8 59. Ka1 Kg7 60. Kb1 Kg8 61. Ka1 Reg7 62. Kb1 g5 63.
hxg5 hxg5 64. Bxg4 fxg4 65. Rgh2 Rh3 1/2-1/2

[Event "Interzonal-16"]
[Site "Biel"]
[Date "1993.??.??"]
[Round "3"]
[White "Hansen, Curt"]
[Black "Barua, Dibyendu"]
[Result "0-1"]
[WhiteElo "2590"]
[BlackElo "2510"]
[Annotator "Ribli,Z"]
[PlyCount "78"]
[EventDate "1993.07.16"]
[EventType "swiss"]
[EventRounds "13"]
[EventCountry "SUI"]
[SourceTitle "CBM 037"]
[Source "ChessBase"]
[SourceDate "1993.12.01"]
[SourceVersion "1"]
[SourceVersionDate "1993.12.01"]
[SourceQuality "1"]

1. c4 e5 2. Nc3 Nc6 3. Nf3 g6 4. d4 exd4 5. Nxd4 Bg7 6. Nc2 (6. Nxc6 $5 {
Illescas Cordoba,M-Godena,M/Lisboa zt/1993/CBM35/}) 6... d6 (6... f5 $6 {
Har Zvi,R-Galliamova,A/Oakham 1992/CBM30/}) (6... Nge7 7. h4 $5 {Rodriguez,
R-Barcenilla,R/Bacolod/1991/EXP23/}) 7. e4 (7. e3 Nge7 8. Be2 O-O 9. O-O Be6
10. Nd5 a6 11. Rb1 b5 12. b3 Ne5 $10 {Flohr-Robatsch/Hastings/1961/}) (7. g3) (
7. e3) (7. Qd2) 7... Nge7 8. Be2 O-O 9. O-O f5 $1 10. exf5 (10. Qd2 f4 $10)
10... Nxf5 11. Bf3 Kh8 12. Bxc6 (12. Bd5 Ne5 13. f4 Nd7 14. g3 c6 15. Bg2 Qb6+
16. Kh1 Nf6 $17) 12... bxc6 13. Qd3 Qh4 $36 14. b3 Nh6 15. Bb2 (15. Ne3 d5 $1
16. cxd5 cxd5 17. Nexd5 Qd8 $17 {פd5, Nc3}) 15... Bf5 16. Qd2 Ng4 (16... Bxc2
17. Qxc2 Ng4 18. h3 Nxf2 19. Rxf2 Rxf2 20. Qxf2 Bd4 21. Nd1 Qxf2+ 22. Nxf2 Bxb2
23. Re1 Bd4 $19) 17. h3 Ne5 18. Na4 (18. f4 Nd3 $17 {/\} 19. Rab1 Nxb2 20. Rxb2
Bxh3 {פc3, Rb2}) 18... Nf3+ $1 (18... Bxh3 19. f4 Bxg2 20. Qxg2 Rxf4 21. Rxf4
Qxf4 22. Rf1 $14) 19. gxf3 Bxb2 20. Nxb2 Bxc2 21. Qxc2 Rxf3 22. Rae1 Qg5+ $1 (
22... Rxh3 $2 23. Qe4 $1 Qg5+ 24. Qg2 $16) 23. Kh2 Raf8 24. Qe4 (24. Nd3 Rxh3+
$1 25. Kxh3 Rf3+ 26. Kh2 Qh4+ 27. Kg2 Qg4+ 28. Kh2 Rh3# $19) 24... Rxf2+ 25.
Rxf2 Rxf2+ 26. Kh1 Qg3 $1 (26... Rxb2 $4 27. Qd4+ $18) 27. Qe8+ Kg7 28. Qe7+
Kh6 29. Qe3+ Qxe3 30. Rxe3 Rxb2 $19 31. Re7 Rxa2 32. Rxc7 c5 33. Rd7 Rd2 34.
Rxa7 Rd3 35. Kg2 Rxb3 36. Rd7 Rd3 37. h4 Rd4 38. Kg3 g5 39. hxg5+ Kxg5 0-1

[Event "Bundesliga 0405"]
[Site "Germany"]
[Date "2005.03.13"]
[Round "13.7"]
[White "Poldauf, Dirk"]
[Black "Werle, Jan"]
[Result "0-1"]
[WhiteElo "2418"]
[BlackElo "2457"]
[Annotator "Ribli,Z"]
[PlyCount "64"]
[EventDate "2004.11.12"]
[EventType "team-tourn"]
[EventRounds "15"]
[EventCountry "GER"]
[SourceTitle "CBM 106"]
[Source "ChessBase"]
[SourceDate "2005.06.06"]
[SourceVersion "1"]
[SourceVersionDate "2005.06.06"]
[SourceQuality "1"]
[WhiteTeam "Neukoelln"]
[BlackTeam "Solingen"]
[WhiteTeamCountry "GER"]
[BlackTeamCountry "GER"]

1. c4 e5 2. Nc3 Nc6 3. Nf3 g6 4. d4 {Die sinnvollste Fortsetzung, aber 4.g3
ist auch spielbar.} exd4 5. Nd5 {Mit dem Textzug möchte Weiß die schwarze
Spielweise widerlegen. Zum einfachen Spiel führt die Alternative 5.Nxd4!? mit
kleinem Vorteil für Weiß.} (5. Nxd4 $5 Bg7 6. Nxc6 bxc6 7. g3 $14) 5... Bg7 (
5... h6 $6 {Dieser Zug ist überflüssig wegen} 6. Nxd4 Bg7 7. Nb5 Be5 8. f4 $16)
6. Bg5 f6 (6... Nce7 7. Nxd4 c6 8. Nc3 (8. Nxe7 Nxe7 9. Qd2 $14) 8... h6 9. Bf4
d5 10. e3 Nf6 11. c5 (11. Be2 O-O 12. O-O dxc4 13. Bxc4 Ned5 14. Nxd5 Nxd5 $11)
11... O-O 12. Bd3 b6 13. Bd6 (13. cxb6 axb6 14. O-O Ba6 $15 {[%csl Gg7][%cal
Gg7a1]}) 13... Ne8 $1 $15 {1/2-1/2 Sunye Neto,J-Soppe,G/Villa Gisell 1998/CBM
64/[Ribli] (57)}) (6... Nge7 $2 7. Nxd4 Bxd4 $2 8. Qxd4 Nxd4 9. Nf6+ Kf8 10.
Bh6# $18) 7. Bf4 d6 8. Nxd4 Nxd4 (8... Nge7 9. Nb5 $5) 9. Qxd4 Ne7 10. e3 {
10.Nxf6+ wäre schlecht wegen 10...Kf7 mit Figurengewinn.} (10. Qe3 Kf7 11. Nxe7
Re8 12. Qd2 Qxe7 13. h4 Be6 14. Rc1 Rad8 15. e3 d5 $36 {0-1 Gonzales,M-Urday,H/
Peru 1994/EXT 97 (42)}) (10. g3 O-O 11. Bg2 Nc6 12. Qd2 Ne5 13. b3 c6 14. Nc3
Nf7 15. O-O f5 16. Rac1 Qa5 17. Rfd1 {1/2-1/2 Dorfman,J-Barua,D/Elista 1998/
CBM 66 ext (64)}) 10... O-O 11. h4 {Mit diesem Zug festigt Weiß die Position
seines schwarzfeldrigen Läufers.} (11. Be2 f5 12. Qd2 Nxd5 13. cxd5 (13. Qxd5+
Kh8 $17 14. O-O-O $2 g5 $19) 13... g5 14. Bg3 Qf6 $36) (11. O-O-O $5 f5 (11...
Nc6 12. Qd2 Ne5 13. h4 $14) 12. Qd2 Nxd5 13. Qxd5+ Kh8 14. h4 $14) 11... h6 {
[%cal Gg6g5]} 12. Be2 (12. O-O-O $5) 12... f5 13. Qd2 Nxd5 14. cxd5 (14. Qxd5+
Kh7 15. O-O-O Qf6 16. Rd2 Be6 $36) 14... Qf6 {[%cal Gg7a1] Schwarz verschafft
sich intensiven Druck auf der h8-a1-Diagonale und Weiß muss immer mit g5 und
f4 rechnen.} 15. Rc1 Rf7 (15... Qxb2 $2 16. Qxb2 Bxb2 17. Rxc7 $18) (15... g5
16. hxg5 hxg5 17. Bg3) 16. b4 $11 (16. Rc2 $11) 16... b6 17. a4 a5 18. b5 Bb7
19. Rc4 (19. Bf3 Re8 20. Kf1 $11) 19... Re8 20. Bg3 $2 (20. Bf3 Qa1+ 21. Qd1
$11) 20... Qa1+ {[%cal Ra1e1,Ga1a4]} 21. Rc1 (21. Bd1 $2 f4 $1 22. Bxf4 Rxf4
23. Rxf4 Bc3 $19) (21. Qc1 Qxc1+ 22. Rxc1 Re4 $17) 21... Qxa4 $17 {Schwarz hat
einen Bauern mehr und seine Verteidigungsstellung ist sicher.} 22. O-O Qb4 23.
Qd1 (23. Qxb4 axb4 24. Bc4 g5 $17) 23... Qb2 {[%csl Gb2] Die schwarze Dame
steht aktiv und besitzt mit 24...Qf6 ein sicheres Rückzugsfeld.} (23... a4 $17)
24. Bf4 (24. Bc4 $17) 24... Re4 {[%csl Ge4][%cal Ge4b4]} 25. Bf3 Rb4 (25...
Qxb5 26. Bxe4 fxe4 $19 {[%csl Rd5]}) 26. g4 g5 $1 {[%mdl 128]} (26... Rxb5 27.
gxf5 gxf5 $17 (27... Rxf5 28. Be4 Rbxd5 (28... Rxf4 29. exf4 Qd4 30. Qxd4 Bxd4
31. Rxc7 Bxd5 32. Bxd5+ Rxd5 33. Re1 Kf8 34. Ree7 $132) 29. Qg4 (29. Bxd5+ Rxd5
30. Qg4 Rc5 31. Rxc5 dxc5 32. Qxg6 Qf6 33. Qxf6 Bxf6 34. Bxc7 b5 35. Bxa5 Bxh4
$15) 29... Rd1 30. Qxd1 Bxe4 31. Rxc7 $132)) 27. hxg5 hxg5 28. Bxg5 (28. Bg3 f4
$19) 28... fxg4 29. Bxg4 {[#]} Qxc1 $1 $19 {[%mdl 64]} 30. Qxc1 Rxg4+ {[%csl
Rg1][%cal Rg4g1,Rg4g5]} 31. Kh2 (31. Kh1 Rf3 32. Kh2 Rxg5 $19) 31... Be5+ 32.
f4 Rh7+ 0-1

[Event "Madrid"]
[Site "Madrid"]
[Date "1993.??.??"]
[Round "2"]
[White "Lautier, Joel"]
[Black "Kramnik, Vladimir"]
[Result "1/2-1/2"]
[WhiteElo "2645"]
[BlackElo "2685"]
[Annotator "Ribli,Z"]
[PlyCount "72"]
[EventDate "1993.06.??"]
[EventType "tourn"]
[EventRounds "9"]
[EventCountry "ESP"]
[EventCategory "14"]
[SourceTitle "CBM 036"]
[Source "ChessBase"]
[SourceDate "1993.10.01"]
[SourceVersion "1"]
[SourceVersionDate "1993.10.01"]
[SourceQuality "1"]

1. c4 e5 2. Nc3 d6 3. g3 Nc6 (3... g6 4. d4 $5) 4. Nf3 (4. Bg2 $5) 4... g5 $5 (
4... g6 5. d4 exd4 6. Nxd4 Bg7 7. Nxc6 bxc6 8. Bg2 $14) 5. d4 g4 6. d5 Nce7 (
6... gxf3 7. dxc6 fxe2 8. Qxe2 bxc6 9. Bg2 $44) 7. Nd2 f5 8. h3 Nf6 (8... h5 9.
hxg4 fxg4 10. Nde4 $14) 9. e4 Bg7 10. exf5 Bxf5 11. hxg4 Bxg4 12. Be2 Bf5 (
12... Bxe2 13. Qxe2 Nf5 14. Nde4 Nd4 15. Qd3 Qd7 16. Nxf6+ Bxf6 17. Ne4 $14)
13. Nf1 Bg6 14. Bg5 Nf5 15. Bd3 O-O 16. Ne3 e4 17. Be2 (17. Nxe4 $2 Nxe3 18.
fxe3 Bxe4 19. Bxe4 Qe8 20. Bxf6 Qxe4 $19) 17... Qe8 18. Qd2 Qf7 19. Nxf5 Bxf5
20. Rh4 Nd7 21. O-O-O Ne5 (21... Nc5 22. b4 $5 Nd3+ 23. Bxd3 exd3 24. g4 $1 Bg6
25. f4 $36) 22. Nxe4 Ng6 23. Bh5 Qd7 24. Bxg6 Bxg6 25. Bh6 Bxh6 26. Qxh6 Rae8
27. Rd4 (27. Re1 $2 Rxf2 $1) 27... Qg7 $5 $10 28. Qxg7+ Kxg7 29. Ng5 Rxf2 30.
Ne6+ Kg8 31. Rdf4 Rxf4 32. Rxf4 c6 33. Kd2 Bf7 34. Ng5 Bg6 35. Ne6 Bf7 36. Ng5
Bg6 1/2-1/2

[Event "Tata Steel-B 77th"]
[Site "Wijk aan Zee"]
[Date "2015.01.12"]
[Round "3"]
[White "Potkin, Vladimir"]
[Black "Gunina, Valentina"]
[Result "1-0"]
[WhiteElo "2608"]
[BlackElo "2538"]
[Annotator "Sagar Shah"]
[PlyCount "53"]
[EventDate "2015.01.10"]
[EventType "tourn"]
[EventRounds "13"]
[EventCountry "NED"]
[EventCategory "13"]
[SourceTitle "CBM 165"]
[Source "ChessBase"]
[SourceDate "2015.03.11"]
[SourceVersion "1"]
[SourceVersionDate "2015.03.11"]
[SourceQuality "1"]

1. c4 e5 2. Nc3 Nc6 3. Nf3 g6 4. d4 $1 {Concretely taking advantage of the
move g6.} exd4 5. Nxd4 (5. Nd5 {is also possible. The line might go something
like} Bg7 6. Bg5 Nce7 (6... f6 7. Bf4 d6 8. Nxd4 $14) (6... Nge7 7. Nxd4 $1
Bxd4 8. Qxd4 $1 {The queen is taboo and taking it would lead to a pretty mate.}
O-O (8... Nxd4 9. Nf6+ Kf8 10. Bh6#) 9. Nf6+ Kh8 10. Ng4+ $3 {And Karjakin
resigned although it must be mentioned that it was just a blitz game.
Andreikin-Karjakin, Moscow Blitz 2010.} Nxd4 11. Bf6+ Kg8 12. Nh6#) 7. Nxd4 h6
$11 {and black is doing quite well here.}) 5... Bg7 6. Nxc6 bxc6 7. g3 Ne7 8.
Bg2 O-O 9. O-O {Though this line is quite popular even at the top level, it
seems that White has a good solid edge.} d6 (9... Rb8 {is the other option in
the position.}) 10. Qc2 Bf5 11. e4 Be6 12. b3 (12. c5 $5 {is also a fine move.}
d5 (12... dxc5 13. Na4 c4 14. Rd1 Qc8 15. Nc5 $16) 13. Rd1 $14) 12... Qd7 13.
Bb2 Rae8 14. c5 $1 {By simple means Potkin has put a lot of pressure on
black's position.} dxc5 $2 {A bad positional move by Gunina. White will not
only recover the pawn but it will leave Black with a lot of queenside
weaknesses.} (14... d5 15. Rad1 f5 16. exd5 cxd5 17. Ne2 $1 Bxb2 18. Qxb2 $16 {
With a superior bishop and a knight jumping to d4 and f4, White is clearly
better.}) (14... Bh3 {keeping the pawn on d6 seems like the best decision
positionally for Black.}) 15. Rfd1 $1 Qc8 16. Na4 Bxb2 17. Qxb2 c4 {This could
be the only logical idea behind black's play as giving up the pawn on c5 would
have been too depressing.} 18. Nc5 $1 cxb3 19. axb3 {With this nice positional
pawn sacrifice White has pressure on the a7 pawn and his knight sits superbly
on c5.} Rd8 20. Qf6 $1 Rxd1+ 21. Rxd1 Re8 22. Bf1 $1 {Potkin plays in fine
positional style and now threatens Ba6. Look at the knight on e7. It has
absolutely no squares, leave alone good ones, to go to!} Kf8 23. Ba6 Ng8 24.
Qf4 Qb8 25. Bc4 $1 Qc8 26. Bxe6 Rxe6 27. Rd8+ $1 {A nice little shot to end
the game! This was a pretty one sided game and a nice win for Potkin who made
a good recovery after his loss to Wei Yi yesterday.} 1-0

[Event "GBR-ch KO"]
[Site "London"]
[Date "2015.12.07"]
[Round "3.4"]
[White "Howell, David"]
[Black "Pert, Nicholas"]
[Result "1/2-1/2"]
[WhiteElo "2693"]
[BlackElo "2569"]
[Annotator "Sagar Shah/CB Website"]
[PlyCount "29"]
[EventDate "2015.12.01"]
[EventType "k.o."]
[EventRounds "3"]
[EventCountry "ENG"]
[SourceTitle "CBM 170"]
[Source "ChessBase"]
[SourceDate "2016.01.15"]
[SourceVersion "1"]
[SourceVersionDate "2016.01.15"]
[SourceQuality "1"]

1. c4 e5 2. Nc3 Nc6 3. g3 f5 4. Nf3 Nf6 5. d4 e4 6. Nh4 g6 7. Bg5 Bg7 8. Qd2
Ne7 9. d5 h6 10. Be3 Ng4 (10... d6 {is also possible.}) 11. Bd4 Ne5 12. b3 d6
13. f4 $1 exf3 14. exf3 c5 15. Be3 $6 {David offered a draw after making this
move. Surprisingly Nick who was a point down in the match accepted it. In fact
Black could have snatched the advantage by} (15. dxc6 $11) (15. Be3 g5 $1 16.
f4 Ng4 $15) 1/2-1/2

[Event "Dortmund SuperGM 23rd"]
[Site "Dortmund"]
[Date "1995.07.16"]
[Round "3"]
[White "Lautier, Joel"]
[Black "Short, Nigel D"]
[Result "1/2-1/2"]
[WhiteElo "2645"]
[BlackElo "2645"]
[Annotator "Von Gleich,A"]
[PlyCount "85"]
[EventDate "1995.07.14"]
[EventType "tourn"]
[EventRounds "9"]
[EventCountry "GER"]
[EventCategory "17"]
[SourceTitle "CBM 048"]
[Source "ChessBase"]
[SourceDate "1995.10.01"]
[SourceVersion "1"]
[SourceVersionDate "1995.10.01"]
[SourceQuality "1"]

1. c4 e5 2. Nc3 d6 3. g3 Nc6 4. Nf3 f5 5. d4 e4 6. d5 Ne5 7. Nd4 h5 8. f3 h4 9.
Bg2 h3 10. Bf1 Nf6 11. Qc2 Qe7 12. fxe4 Nxe4 13. Nxe4 fxe4 14. Qxe4 Bd7 15. Nf3
O-O-O 16. Nxe5 dxe5 17. Bd2 Qf6 18. Qe3 b6 19. b4 c6 20. Qa3 Kb8 $2 {Short gab
nach der Partie zu, das Manöver Qe3-a3 nebst e2-e4 überhaupt nicht gesehen zu
haben. Lautier gelingt es dadurch, sein Zentrum zu stützen.} (20... a5) 21. e4
Be7 22. Be2 Rhf8 23. Qe3 (23. Rf1 Qg6 24. Rxf8 Rxf8 25. Qe3) 23... Qg6 24. Rc1
c5 25. b5 Rde8 $2 (25... Rf7 26. Bf3 Rdf8 27. O-O Bg5 28. Qxg5 Qxg5 29. Bxg5
Rxf3 30. Be7 Rxf1+ 31. Rxf1 Rxf1+ 32. Kxf1 Kc7 {Schwarz kann sich halten.}) 26.
a4 (26. Bf3 Rf7 27. O-O Ref8 28. Qe2 $16 Kb7 29. Bh5 Rxf1+ 30. Rxf1 Rxf1+ 31.
Kxf1 Qf6+ 32. Qf3) (26. Rf1 $6 Rxf1+ 27. Kxf1 Rf8+ 28. Kg1 Bg5 29. Qxg5 Qxe4
30. Bf1 Bg4 31. Qe3 Rxf1+ 32. Kxf1 Qg2+ 33. Ke1 Qh1+) 26... Rf7 27. a5 Ref8 28.
axb6 axb6 29. Rf1 Rxf1+ 30. Bxf1 Bg4 31. Be2 Bxe2 (31... Qf7 32. Bc3 $1 Bg5 33.
Bxe5+ Kb7 34. Bf4) 32. Qxe2 Bg5 33. Rc3 Bxd2+ 34. Kxd2 Qg5+ 35. Kc2 Qf6 36. Rd3
g5 37. g4 Qf2 38. Qxf2 Rxf2+ 39. Rd2 Rg2 40. Kd3 Rxg4 41. Rf2 Rg1 42. Rf6 Kc7
43. Rc6+ 1/2-1/2